000 00804nam a2200265 4500
001 22742
003 BD-RjUL
005 20211209000839.0
008 140309s1961 nju b 001 0 eng
035 _a(BD-RjUL)22807
040 _aDLC
_cDLC
_dDLC
_dBD-RjUL
_beng
041 _aeng
082 0 0 _a364.36
_bNEJ 1964
100 1 _aNeumeyer, Martin Henry,
_d1892-
_953632
245 1 0 _aJuvenile delinquency in modern society /
_c Martin Henry Neumeyer.
250 _a3d ed.
260 _aPrinceton, N.J. :
_bVan Nostrand,
_c1961 [Reprinted 1964].
300 _axi, 426 p. ;
_c24 cm.
490 0 _aThe Van Nostrand series in sociology
504 _aIncludes bibliography and index.
650 0 _aJuvenile delinquency.
_970152
942 _2ddc
_cBK
999 _c22742
_d22742